Alienation provisions (Record no. 69603)

MARC details
000 -LEADER
fixed length control field 01500cam a2200277 4500
001 - CONTROL NUMBER
control field ABS65161
008 - FIXED-LENGTH DATA ELEMENTS--GENERAL INFORMATION
fixed length control field 020226n2002 000 0 eng u
035 ## - SYSTEM CONTROL NUMBER
System control number (Sirsi) u116863
245 ## - TITLE STATEMENT
Title Alienation provisions
260 ## - PUBLICATION, DISTRIBUTION, ETC.
Date of publication, distribution, etc. 2002
490 ## - SERIES STATEMENT
Series statement Estates Gazette
Volume/sequential designation (0204) 26 January 2002, 164-166
490 ## - SERIES STATEMENT
Series statement Estates Gazette
Volume/sequential designation (0205) 2 February 2002, 127(4)
520 ## - SUMMARY, ETC.
Summary, etc. Provides a general overview of alientation provisions in leases dealing with lease assignmnets and sublettings . Explains the differences between 'absolute', 'qualified' and 'fully qualified' covenants clarifying whether consent should be granted under the Landlord and Tenant Act 1988, preserving security of income under the Landlord and Tenant (Covenants) Act 1995 and securing rent and retaining control when tenants wish to sublet property. Concludes with a review of recent case law highlighting the problems fof alienation clauses for both landlord and tenants warning that unauthorised tenants may be force to vacate their premises.
590 ## - LOCAL NOTE (RLIN)
Local note ABS
650 ## - SUBJECT ADDED ENTRY--TOPICAL TERM
Topical term or geographic name entry element ALIENTATION CLAUSES
650 ## - SUBJECT ADDED ENTRY--TOPICAL TERM
Topical term or geographic name entry element LANDLORD AND TENANT ACT 1988
650 ## - SUBJECT ADDED ENTRY--TOPICAL TERM
Topical term or geographic name entry element LANDLORD AND TENANT (COVENANTS) ACT 1995
650 ## - SUBJECT ADDED ENTRY--TOPICAL TERM
Topical term or geographic name entry element ABSOLUTE COVENANTS
650 ## - SUBJECT ADDED ENTRY--TOPICAL TERM
Topical term or geographic name entry element QUALIFIED COVENANTS
650 ## - SUBJECT ADDED ENTRY--TOPICAL TERM
Topical term or geographic name entry element DONG BANG MINERVA (UK) LTD V DAVINA LTD
650 ## - SUBJECT ADDED ENTRY--TOPICAL TERM
Topical term or geographic name entry element VAUX GROUP PLC V LILLEY
650 ## - SUBJECT ADDED ENTRY--TOPICAL TERM
Topical term or geographic name entry element HEMINGWAY SECURITIES LTD V DUNRAVEN LTD
650 ## - SUBJECT ADDED ENTRY--TOPICAL TERM
Topical term or geographic name entry element REASONABLE BEHAVIOUR
690 ## - LOCAL SUBJECT ADDED ENTRY--TOPICAL TERM (OCLC, RLIN)
Topical term or geographic name as entry element LANDLORD AND TENANT-BUSINESS TENANCIES
942 ## - ADDED ENTRY ELEMENTS (KOHA)
Suppress in OPAC 0
Holdings
Withdrawn status Lost status Source of classification or shelving scheme Damaged status Not for loan Home library Current library Shelving location Date acquired Total Checkouts Full call number Barcode Date last seen Copy number Price effective from Koha item type
    Dewey Decimal Classification     London London Journal article 26/02/2002   ABS65161 116863-1001 06/08/2019 1 06/08/2019 Journal article